00562 2200229 4500001002100000005001500021035002000036245004700056100002600103250001100129300002700140700001700167260003200184082001100216084001700227020002200244650002200266990001100288990001100299990001100310990001100321INLIS00000000000180520241223084938 a0010-12240000581 aAku Kenapa, Sih ? /cDimas Alwin H., S.Psi0 aDimas Alwin H., S.Psi acet. 1 aviii, 128 hlm ;c19 cm0 aJuliagar R.N aJakarta :bMediakita,c2023 a155.25 a155.25 DIM a a978-979-794-676-0 4aPengembangan Diri a003721 a003722 a003722 a003721